BUBT Library Online Catalog

Digital Circuits Vol-1 (Record no. 5096)

000 -LEADER
fixed length control field 00635nam a22002057a 4500
003 - CONTROL NUMBER IDENTIFIER
control field BUBTL
008 - FIXED-LENGTH DATA ELEMENTS--GENERAL INFORMATION
fixed length control field 160119b xxu||||| |||| 00| 0 eng d
020 ## - INTERNATIONAL STANDARD BOOK NUMBER
International Standard Book Number 9788189874094
082 ## - DEWEY DECIMAL CLASSIFICATION NUMBER
Edition number 2nd
Classification number 621.319CHD
100 ## - MAIN ENTRY--PERSONAL NAME
Dates associated with a name Chaudhuri, Diptiman Ray
9 (RLIN) 398
Personal name Chaudhuri, Diptiman Ray
245 ## - TITLE STATEMENT
Title Digital Circuits Vol-1
Statement of responsibility, etc. Chaudhuri, Diptiman Ray
250 ## - EDITION STATEMENT
Edition statement 2nd
260 ## - PUBLICATION, DISTRIBUTION, ETC. (IMPRINT)
Place of publication, distribution, etc. Kolkata
Name of publisher, distributor, etc. Platinum Publication
Date of publication, distribution, etc. 2009
300 ## - PHYSICAL DESCRIPTION
Extent [xvi]921
Other physical details ill,tables
Dimensions 24cm
650 #0 - SUBJECT ADDED ENTRY--TOPICAL TERM
Source of heading or term EEE
9 (RLIN) 400
Topical term or geographic name as entry element EEE
700 ## - ADDED ENTRY--PERSONAL NAME
9 (RLIN) 399
Personal name Chaudhuri, Diptiman Ray
856 ## - ELECTRONIC LOCATION AND ACCESS
Password 0
Logon 0
Link text Download
942 ## - ADDED ENTRY ELEMENTS (KOHA)
Source of classification or shelving scheme
Koha item type Books
Holdings
Withdrawn status Lost status Source of classification or shelving scheme Damaged status Not for loan Collection code Permanent location Current location Shelving location Date acquired Inventory number Total Checkouts Full call number Barcode Date last seen Copy number Price effective from Koha item type
          Non-fiction Bangladesh University of Business and Technology Library Bangladesh University of Business and Technology Library Electronic Engineering Stacks 09/09/2014 18202   621.319CHD BUBTL-200318202 01/19/2016 C-1 01/19/2016 Books
          Non-fiction Bangladesh University of Business and Technology Library Bangladesh University of Business and Technology Library Electronic Engineering Stacks 09/09/2014 18205   621.319CHD BUBTL-200318205 01/19/2016 C-2 01/19/2016 Books
          Non-fiction Bangladesh University of Business and Technology Library Bangladesh University of Business and Technology Library Electronic Engineering Stacks 09/09/2014 18201   621.319CHD BUBTL-200318201 01/19/2016 C-3 01/19/2016 Books
          Non-fiction Bangladesh University of Business and Technology Library Bangladesh University of Business and Technology Library Electronic Engineering Stacks 09/09/2014 18203   621.319CHD BUBTL-200318203 01/19/2016 C-4 01/19/2016 Books
          Non-fiction Bangladesh University of Business and Technology Library Bangladesh University of Business and Technology Library Electronic Engineering Stacks 09/09/2014 18204   621.319CHD BUBTL-200318204 01/19/2016 C-5 01/19/2016 Books

More Information About Library

Library Hours

  • Open: 9.00 am. to 9.00 pm.
  • Only Sunday: 9.00 am. to 6.00 pm.
  • Closed: Holiday

Contact to the University

Bangladesh University of Business and Technology Library

  • Mirpurl-2, 1216.
  • Phone:
  • Fax:
  • E-Mail: admin.library@bubt.edu.bd

Contact to the Library

Contact Person:

Md. Abdul Hakim Shah
Joint Librarian
PABX No:  113
Cell No: 01816332931
E-mail: official: admin.library@bubt.edu.bd
Personal: hakim.shah@bubt.edu.bd


BUBT Library

Copyright © 2021